00505 a2200157 4500001000700000020000600007040001100013100002200024240006700046245006200113362000900175697003500184942000700219952010200226999001900328176788 a  cMagnum aMurad, Jose Elias10aO perfil epidemiologico do usuario de drogas em mg/brasillpor10aO perfil epidemiologico do usuario de drogas em mg/brasil0 a1899 aMAGNITO: CIENCIAS MEDICAS SAUD cBK 00104070a32.5b32.5d2024-06-08l0oLI.04082pMAG00026019r2024-06-08 20:50:33w2024-06-08yBK c176788d176788